Ouvertures populaires d'échecs - Statistiques

Statistiques générales
  • Ce quiz a été pris 999 fois
  • Le résultat moyen est 15 sur 32
Statistiques - réponses
Par images Réponse % Correct
Defense francaise
93%
Defense sicilienne
90%
Partie italienne
84%
Gambit dame
82%
Ouverture Ruy Lopez
81%
Gambit roi
73%
Defense scandinave
68%
Defense Caro-Kann
66%
Partie ecossaise
64%
Ouverture anglaise
58%
Systeme de Londres
55%
Defense est-indienne
54%
Attaque est-indienne
53%
Defense slave
43%
Ouverture Grob
42%
Defense Alekhine
41%
Defense ouest-indienne
40%
Partie viennoise
37%
Defense hollandaise
36%
Defense Pirc
34%
Ouverture Reti
34%
Ouverture Bird
32%
Ouverture catalane
32%
Defense Nimzo-indienne
28%
Defense Grunfeld
22%
Defense Benoni moderne
21%
Gambit Benko
21%
Attaque Nimzo-Larsen
17%
Defense Bogo-indienne
15%
Ouverture du fianchetto-roi
15%
Ouverture polonaise
15%
Attaque Trompowsky
14%
Aucun quiz correspondant
Distribution des résultats
% des personnes avec chaque résultat
Percentile par nombre de réponses
Votre historique - résultats
Vous n’avez pas pris ce quiz